000 01996cam a2200517Ma 4500
999 _c5030
_d5030
001 ocn300160114
003 OCoLC
005 20200304163501.0
008 080905s2007 fr a b 000 0 fre d
016 7 _aFRBNF411797010000000
_2FrPBN
020 _a9782124755776
_q(br.)
020 _a2124755773
_q(br.)
029 1 _aBDF
_bFRBNF411797010000000
029 1 _aCHRRO
_bR004772249
029 1 _aZWZ
_b120672391
035 _a(OCoLC)300160114
040 _aRUQBL
_bfre
_cTZ-ArACH
049 _aTZAA
050 4 _aHF5668
_b.K47
082 0 4 _a657/.458 K39m
_222
100 1 _aKerebel, Pascal.
245 1 0 _aMise en oeuvre d'un contrôle interne efficace via un ERP :
_bLSF, SOX, 8e directive européenne, US GAAP, IFRS /
_cPascal Kerebel.
260 _aLa-Plaine-Saint-Denis :
_bAFNOR,
_c2007.
300 _axii, 148 p. :
_bill. ;
_c24 cm
504 _aBibliogr. et webographie: p. [147]-148.
650 6 _aVérification interne.
650 6 _aGestion
_xContrôle.
650 6 _aGestion de l'information
_xNormes.
650 6 _aProgiciels de gestion intégrés.
650 7 _aGestion d'entreprise
_xSystème d'information.
_2ram
650 7 _aVérification interne
_xNormes.
_2ram
650 7 _aGestion d'entreprise
_xLogiciel intégrés.
_xSystème d'information de gestion.
_2rero
650 7 _aEntreprise
_xContrôle.
_xrsystèmevision interne.
_2rero
650 7 _aAspect juridique.
_2rasuqam
_910747
650 1 7 _aLogiciel de gestion intégré.
_2rasuqam
650 7 _aNorme comptable.
_2rasuqam
650 1 7 _aVérification interne.
_2rasuqam
650 7 _aLogiciel intégré.
_2rerovoc
650 7 _aSystème d'information de gestion.
_2Rerovoc
650 7 _aentreprise - contrôle.
_2rerovoc
650 7 _aRévision interne.
_2rerovoc
651 7 _aFrance.
_2rasuqam
655 7 _aGuide (Descripteur de forme)
_2rasuqam
856 4 2 _3Notice et cote du catalogue de la Bibliothèque nationale de France
_uhttp://catalogue.bnf.fr/ark:/12148/cb41179701p
942 _2lcc
_cBOOK